Strzelcy goli dla Warty w sezonie 23/24 - Statystyki

Ogólne statystyki
  • Ten quiz został rozwiązany 14 razy
  • Średni wynik to 8 z 13
Statystyki odpowiedzi
Miejsce Zawodnik Gole % Poprawnych
Adam Zreľák
100%
1. Kajetan Szmyt 7
100%
2. Maciej Żurawski 4
71%
Márton Eppel
64%
Mateusz Kupczak
64%
7. Dario Vizinger 2
57%
5. Miguel Luís 3
57%
Stefan Savić
57%
Dawid Szymonowicz
50%
Konrad Matuszewski
43%
Tomáš Přikryl
43%
11. Dimitrios Stawropulos 1
36%
Wiktor Kamiński
7%
Nie znaleziono quizów pasujących do podanych kryteriów
Rozkład punktacji
Procent ludzi z każdym wynikiem
Percentyl według liczby udzielonych odpowiedzi
Twoja historia wyników
Nie rozwiązałeś tego quizu